Esquema histórico del derecho sucesorio. Del medievo castellano al siglo XIX.

Guardado en:
Detalles Bibliográficos
Autor principal: Tau Anzoátegui, Víctor (estudio preliminar)
Formato: Libro
Lenguaje:inglés
Publicado: Buenos Aires, Argentina: Ediciones Macchi, 1982.
Edición:2da. edición revisada.
Materias:
Etiquetas: Agregar Etiqueta
Sin Etiquetas, Sea el primero en etiquetar este registro!

MARC

LEADER 00000nam a22000007a 4500
003 CL-VaPUC
005 20220822114419.0
008 220216t1982 ||||| |||| 00| 0 eng d
999 |c 434441  |d 434439 
020 |a 950-037-015-8 
040 |c Pontificia Universidad Católica de Valparaíso 
082 |a 346.05 TAU 1982  |2 22 
100 |a Tau Anzoátegui, Víctor  |e estudio preliminar   |9 258259 
245 |a Esquema histórico del derecho sucesorio.  |b Del medievo castellano al siglo XIX. 
250 |a 2da. edición revisada.  
260 |a Buenos Aires, Argentina:   |b Ediciones Macchi,   |c 1982. 
300 |a 113 páginas.  
500 |a c.1 Donación Familia Prof. Alejandro Guzmán Brito. 
583 |c 20220216  |k Yessy Stephany Diaz Vidal 
650 0 |a Derecho sucesorio  |9 255015  |x Edad Media  |z España 
650 0 |a Derecho sucesorio  |9 255015  |y Siglo XIX  |z España 
650 0 |a Herencia y sucesión   |9 519588  |x Historia 
942 |2 ddc  |c BK  |n 0